=LDR 00000nam 2200000 4500 =001 INLIS000000000031943 =005 20130612134000 =008 ***********************************ind** =035 ##$$0010-061300000031943 =041 ##$$a ind =082 ##$$a 372.3 =090 ##$$a 372.3, Rob s =100 ##$$a Robson, Pam =245 ##$$a Sungai Dan laut, Pam Robson;Alih Bahasa, Ayudiyah Pitaloka;Editor, A. Ary Satrio =260 ##$$a 2007 $b Jakarta =300 ##$$a 32 hlm, Ilus, 29 cm =650 ##$$a Pendidikan Dasar-Geografi =700 ##$$a Pitaloka, Ayudiyah =850 ##$$a NBPNMAT